[Event "EOC-ch Playoff-A 2021"]
[Site "Online"]
[Date "2021.03.29"]
[Round "2.3"]
[White "Engel, Luis"]
[Black "Wagner, Dennis"]
[Result "1-0"]
[WhiteElo "2553"]
[BlackElo "2581"]
[Annotator "ChessBase"]
[PlyCount "69"]
[EventDate "2021.03.29"]
[EventType "team-tourn"]
[EventCountry "NET"]
[SourceTitle "playchess.com"]
[Source "ChessBase"]
[SourceQuality "1"]
[TimeControl "900+5"]

1. e4 {[%emt 0:00:00]} e5 {[%emt 0:00:03]} 2. Nf3 {[%emt 0:00:02]} Nc6 {[%emt 0:00:02]} 3. Bb5 {[%emt 0:00:03]} a6 {[%emt 0:00:01]} 4. Ba4 {[%emt 0:00:02]} Nf6 {[%emt 0:00:05]} 5. d3 {[%emt 0:00:02]} b5 {[%emt 0:00:18]} 6. Bb3 {[%emt 0:00:04]} Be7 {[%emt 0:00:01]} 7. a4 {[%emt 0:00:05]} b4 {[%emt 0:00:03]} 8. Nbd2 {[%emt 0:00:02]} d6 {[%emt 0:00:15]} 9. Nc4 {[%emt 0:00:07]} O-O {[%emt 0:00:23]} 10. h3 {[%emt 0:00:05]} Rb8 {[%emt 0:00:18]} 11. O-O {[%emt 0:00:03]} h6 {[%emt 0:00:02]} 12. Re1 {[%emt 0:00:06]} Be6 {[%emt 0:00:04]} 13. Be3 {[%emt 0:00:17]} Nd7 {[%emt 0:01:21]} 14. a5 {[%emt 0:01:20]} Bf6 {[%emt 0:00:35]} 15. Ba4 {[%emt 0:01:34]} Ne7 {[%emt 0:00:17]} 16. Qd2 {[%emt 0:01:02]} Bxc4 {[%emt 0:01:48]} 17. dxc4 {[%emt 0:00:02]} Nc5 {[%emt 0:00:01]} 18. Bxc5 {[%emt 0:00:31]} dxc5 {[%emt 0:00:03]} 19. Qe3 {[%emt 0:00:08]} Ng6 {[%emt 0:00:55]} 20. Rad1 {[%emt 0:01:40]} Qe7 {[%emt 0:02:00]} 21. Rd7 {[%emt 0:00:03]} Qe6 {[%emt 0:00:01]} 22. Qxc5 {[%emt 0:00:07]} Be7 {[%emt 0:01:57]} 23. Qxc7 {[%emt 0:00:32]} Rfc8 {[%emt 0:00:23]} 24. Rxe7 {[%emt 0:01:34]} Rxc7 {[%emt 0:00:10]} 25. Rxc7 {[%emt 0:00:35]} Nf4 {[%emt 0:03:50]} 26. Rc6 {[%emt 0:01:07]} Qd7 {[%emt 0:00:13]} 27. c5 {[%emt 0:01:01]} Rc8 {[%emt 0:01:16]} 28. Nxe5 {[%emt 0:00:20]} Qd8 {[%emt 0:00:27]} 29. Rxc8 {[%emt 0:00:32]} Qxc8 {[%emt 0:00:00]} 30. c6 {[%emt 0:00:42]} Qd8 {[%emt 0:00:02]} 31. Nd3 {[%emt 0:00:27]} Qxa5 {[%emt 0:00:23]} 32. Nxf4 {[%emt 0:00:11]} Qxa4 {[%emt 0:00:02]} 33. c7 {[%emt 0:00:16]} Qxc2 {[%emt 0:00:03]} 34. Nd5 {[%emt 0:00:03]} Kf8 {[%emt 0:00:22]} 35. Nc3 {[%emt 0:00:08]} 1-0

[Event "EOC-ch Playoff-A 2021"]
[Site "Online"]
[Date "2021.03.29"]
[Round "2.5"]
[White "Mikhalevski, Victor"]
[Black "Bartel, Mateusz"]
[Result "0-1"]
[WhiteElo "2552"]
[BlackElo "2635"]
[Annotator "TA"]
[PlyCount "84"]
[EventDate "2021.03.29"]
[EventType "team-tourn"]
[EventCountry "NET"]
[SourceTitle "playchess.com"]
[Source "ChessBase"]
[SourceQuality "1"]

{[%evp 9,84,40,108,60,74,84,106,88,108,99,99,96,145,147,207,200,190,201,204,202,191,198,200,154,166,144,143,159,219,221,212,170,210,187,220,75,61,67,66,68,62,66,163,170,187,118,207,-140,-140,-133,-190,-444,-431,-433,-412,-376,-24,-609,-602,-608,-430,-624,-696,-746,-672,-1187,-1197,-1115,-1087,-29988,-645,-29989,-29990,-29994,-29995,-29997,-29994]} 1. d4 e6 2. c4 b6 3. e4 Bb7 4. Qc2 Nc6 5. Nf3 {[#]} e5 $146 (5... Qf6 $14) ({Predecessor:} 5... Bb4+ 6. Nc3 Qe7 7. Bd2 f5 8. exf5 Nf6 9. O-O-O O-O-O 10. Bd3 d5 11. a3 Bxc3 12. Bxc3 exf5 13. Bxf5+ {½-½ (89) Le,Q (2295)-Bui,V (2480) Ho Chi Minh City 2010}) 6. dxe5 {A40: Unusual replies to 1 d4.} Bb4+ 7. Nc3 Nge7 8. Bf4 {White is better.} O-O 9. O-O-O Ng6 10. Bg3 Re8 11. Nd5 $1 Rc8 (11... Bc5 $16 {is a better defense.}) 12. h4 $18 Bf8 {[%cal Rg6e5]} 13. Qc3 {Black must now prevent h5.} d6 14. exd6 cxd6 15. h5 Nge5 16. Kb1 h6 17. b3 b5 18. Bh4 Qd7 (18... f6 $16 19. Nxe5 (19. cxb5 Ne7 $16) 19... Nxe5) 19. cxb5 Nb8 {[%cal Bc6b8,Bb8d7,Bd7c5,Bc5e4,Be4c3][%mdl 32]} 20. Qd4 Bxd5 21. Qxd5 Qc7 22. Bd3 (22. Qd2 $18 {and White stays clearly on top.}) 22... Nxd3 $16 23. Qxd3 Nd7 24. Rc1 Nc5 25. Qd5 Qb8 (25... Qd7 $14) 26. Nd4 $1 $18 Nxe4 {[#] Hoping for ...Rc5.} 27. Nc6 (27. Rxc8 $1 $18 Qxc8 28. Qc6) 27... Qb6 {[#]} (27... Qb7 $16 {might work better.}) 28. Rhe1 $2 {[#]} (28. Be7 $1 $18 {[%mdl 512] Threatens to win with Bxf8.} Rxc6 {[%mdl 64] Remove Defender} (28... Nxf2 29. Bxf8) 29. bxc6 (29. Rxc6 Rxe7 30. f3 Nf6 $11) 29... Rxe7 30. c7 {[%mdl 64] Deflection} Rxc7 31. Rxc7 (31. Qxe4 Rxc1+ 32. Rxc1 Qxf2 $18) 31... Qxc7 32. Qxe4) 28... Nc3+ $1 $17 {[%mdl 576] Deflection} 29. Rxc3 Rxe1+ 30. Kc2 $2 (30. Kb2) 30... Rce8 $19 31. b4 a6 {aiming for ...R8e2+.} 32. a4 axb5 $2 (32... Qb7 $19 {And now ...axb5 would win.} 33. Kb3 Rb1+ 34. Ka2 Rh1) 33. a5 $2 {[%mdl 8192] This move loses the game for White.} (33. Qxb5 $11 R8e2+ 34. Kb3 Qxb5 35. axb5) 33... Qb7 34. Kb3 {[#]} R1e5 $1 {[%mdl 512]} 35. Qf3 (35. Qd3 $142 Rxh5 36. Bg3) 35... Re4 36. Bg3 Qd7 {...Qe6+ is the strong threat.} 37. Qd3 Qe6+ 38. Ka3 Re1 {( -> ...Ra1+)} 39. Rb3 Ra1+ 40. Kb2 Qe1 {[%csl Ga1][%cal Re1c1] Black mates.} 41. Rc3 Re2+ 42. Kb3 Rd2 {[%mdl 64] Decoy.  Weighted Error Value: White=0.90/Black=0.37} 0-1

[Event "EOC-ch Playoff-A 2021"]
[Site "Online"]
[Date "2021.03.29"]
[Round "2.6"]
[White "Gumularz, Szymon"]
[Black "Postny, Evgeny"]
[Result "1-0"]
[WhiteElo "2517"]
[BlackElo "2605"]
[Annotator "TA"]
[PlyCount "119"]
[EventDate "2021.03.29"]
[EventType "team-tourn"]
[EventCountry "NET"]
[SourceTitle "playchess.com"]
[Source "ChessBase"]
[SourceQuality "1"]

{[%evp 24,119,22,27,24,20,18,19,20,16,31,35,51,40,27,28,35,19,39,-27,46,46,25,32,35,41,50,0,68,0,77,58,105,81,124,108,97,109,97,-1,0,0,0,-62,0,0,0,0,14,0,0,0,0,-183,-204,-249,-261,-209,0,-129,0,0,24,24,177,171,152,99,163,153,253,245,245,245,361,361,266,329,845,818,1121,929,1014,1562,1444,1300,5189,4627,29977,29979,29981,29982,29981,29982,29984,29985,29988,29989]} 1. e4 e5 2. Nf3 Nc6 3. Bb5 a6 4. Ba4 Nf6 5. O-O Be7 6. Re1 b5 7. Bb3 d6 8. c3 O-O 9. h3 Nb8 10. d4 Nbd7 11. Nbd2 Bb7 12. Bc2 c5 13. d5 $1 {The main line 13.d5 scores better than 13.Nf1.} c4 {C95: Closed Ruy Lopez: Breyer Variation with 10 d4.} 14. b3 cxb3 15. axb3 Qc7 {The position is equal.} 16. Nb1 Rfb8 17. Bd2 Nb6 18. Na3 Nfd7 {[#]} 19. Rc1 $146 ({Predecessor:} 19. Bd3 Nc5 20. Bf1 f5 21. exf5 e4 22. Ng5 Nxd5 23. Nxe4 Nxe4 24. Rxe4 Bf6 25. Rc1 {½-½ (59) Wharrier,J (2399)-Szerlak,A (2309) ICCF email 2017}) 19... Qd8 20. b4 Rc8 21. Bd3 (21. Bb3 $14) 21... Nc4 (21... f5 $11) 22. Nxc4 $14 bxc4 23. Bf1 f5 24. exf5 Bxd5 25. Be3 Nf6 ({Black should play} 25... Bf7 $11) 26. Ra1 (26. g4 $1 $14) 26... Qd7 (26... a5 $11) 27. g4 $16 Qb7 28. Nd2 Ne4 29. Nxe4 Bxe4 30. Qd2 d5 31. f4 (31. Bg5 $1 $16) 31... exf4 32. Bxf4 Bf6 33. g5 (33. Bg5 $11) 33... Bd8 (33... Qa7+ $1 $15 34. Re3 Bd8) 34. Bg2 $11 Bb6+ 35. Kh2 Re8 36. Rad1 Rad8 37. Bxe4 dxe4 38. Qe2 (38. Qa2 $11 Rxd1 39. Rxd1) 38... Rd3 $1 $19 39. g6 hxg6 (39... Rxc3 40. Rc1 $11) 40. fxg6 {[#]} Bc7 $2 ({Black should try} 40... Qd5 $1 $19 {...Rf8 is the strong threat.} 41. Qg4 Re6 42. Rxd3 cxd3) 41. Qg4 {[#]} (41. Rxd3 $11 Bxf4+ 42. Rg3) 41... Qc8 (41... Rxc3 $6 42. Bxc7 Qxc7+ 43. Kh1 $11) ({Better is} 41... e3 $1 $17 42. Qh4 Bxf4+ 43. Qxf4 Re4) 42. Rxd3 $11 Qxg4 43. hxg4 Bxf4+ $2 {[%mdl 4096] Endgame [#] KRR-KRB} (43... cxd3 $11 {and Black has nothing to worry.} 44. Bxc7 e3) 44. Rg3 $1 $18 {[%mdl 512]} Re6 45. Kg2 Bxg3 46. Kxg3 $16 {KR-KR} Kf8 (46... e3 $16 {was called for.} 47. Kf3 Rxg6) 47. Kf4 $18 Rf6+ 48. Ke5 Rf3 (48... Ke8 {is a better defense.} 49. Rxe4 Kd8 50. Rd4+ (50. Rxc4 Rxg6 51. Kf4 Rf6+ 52. Kg3 Re6 $16) 50... Ke7) 49. Kd4 ({Weaker is} 49. Kxe4 Rxc3 50. Rf1+ Ke8 $16) 49... Ke7 50. Rxe4+ ({But not} 50. Kxe4 $6 Rf6 $16) ({Resist} 50. Kxc4 $6 Rf6 $16) 50... Kf6 $2 (50... Kd6 51. Kxc4 Kd7) 51. Kxc4 Kxg6 52. Re6+ Kg5 53. Rxa6 Rf4+ 54. Kd5 Rxg4 55. b5 {[%cal Bb4b5,Bb5b6][%mdl 32]} Rg3 56. c4 {White mates.} Rb3 57. b6 Kf4 58. c5 g5 59. c6 g4 60. c7 {Weighted Error Value: White=0.26/Black=0.47} 1-0

[Event "EOC-ch Playoff-A 2021"]
[Site "Online"]
[Date "2021.03.29"]
[Round "2.7"]
[White "Steinberg, Nitzan"]
[Black "Mastrovasilis, Dimitrios"]
[Result "0-1"]
[WhiteElo "2553"]
[BlackElo "2609"]
[Annotator "TA"]
[PlyCount "128"]
[EventDate "2021.03.29"]
[EventType "team-tourn"]
[EventCountry "NET"]
[SourceTitle "playchess.com"]
[Source "ChessBase"]
[SourceQuality "1"]

{[%evp 20,128,31,0,0,0,0,0,0,-2,-8,0,0,0,0,-7,-2,-3,0,0,0,-94,-93,-90,-78,-65,-65,-64,-22,-25,-10,-10,-12,-12,-13,-20,-15,-181,-179,-370,-352,-353,-388,-398,-406,-395,-403,-477,-477,-434,-403,-532,-525,-517,-504,-29977,-29978,-29982,-29983,-29983,-29974,-29987,-351,-351,-351,-351,-343,-278,-257,-275,-283,-318,-101,-278,-225,-29967,-29965,-5919,-29968,-29968,-29969,-29968,0,0,0,-29970,-29971,-29972,-29973,-29972,-29973,-29968,-29974,-29975,-29976,-29976,-29977,-29976,-29978,-29978,-29978,-29978,-29979,-29978,-29980,-29980,-29981,-29982,-29983,-29983,-29984]} 1. e4 e5 2. Nf3 Nc6 3. Bb5 Bc5 4. O-O Nd4 5. Nxd4 Bxd4 6. c3 Bb6 7. d4 c6 8. Bc4 d6 9. dxe5 dxe5 10. Qxd8+ Bxd8 11. Be3 Bb6 {C64: Ruy Lopez: Classical Defence (3...Bc5) except 4 0-0 Nf6.} 12. Bxb6 axb6 13. Nd2 Ke7 {The position is equal.} 14. f4 {[#]} b5 $146 ({Predecessor:} 14... exf4 15. Rxf4 Be6 16. Raf1 Nh6 17. Bxe6 fxe6 18. a3 Rhd8 19. Nc4 b5 20. Ne5 Rf8 21. Rxf8 Rxf8 22. Rxf8 Kxf8 {½-½ (41) Collins,S (2439)-Rogers,J (2349) England 2012}) 15. Bb3 exf4 16. Rxf4 Be6 17. Raf1 {Black must now prevent Bxe6.} Nh6 18. Bxe6 fxe6 19. a3 Rhf8 20. Nb3 (20. Rxf8 $11 {remains equal.} Rxf8 21. Rxf8 Kxf8 22. Nb3) 20... Rxf4 $17 21. Rxf4 {[%mdl 4096] Endgame KRN-KRN} Rd8 22. Na5 Rd7 23. c4 bxc4 24. Nxc4 g5 25. Rf3 Ng4 26. h3 {[#]} Rd4 $1 27. Na5 Ne5 28. Rg3 (28. Rc3 $11 {and White is okay.}) 28... b6 $19 ({Stronger than} 28... Rxe4 29. Nxb7 h6 30. b4 $11) 29. Rxg5 $2 (29. Nxc6+ {keeps fighting.} Nxc6 30. Rxg5) 29... Rd1+ 30. Kh2 Kf6 31. Rh5 bxa5 32. Rxh7 {KRN-KR} Rb1 33. Rh6+ Ke7 34. Rh7+ Nf7 35. g4 Rxb2+ 36. Kg3 Kf6 37. Kh4 (37. a4 $19) 37... Rb3 38. Rh5 Rxa3 39. Rc5 a4 40. Rxc6 Ne5 $2 (40... Ng5 {mates} 41. e5+ Kg6 42. Rc3 Nf3+ 43. Rxf3 Rxf3 44. g5 Rf4+ 45. Kg3 Kxg5 46. h4+ Rxh4 47. Kf2 a3 48. Kg2 a2 49. Kf3 a1=Q 50. Kg3 Qa2 51. Kf3 Rh3+ 52. Ke4 Qd5#) 41. g5+ Ke7 42. Ra6 Ra1 43. Ra5 Nc4 44. Ra7+ {[#]} Kd6 $1 45. g6 a3 $2 (45... Rg1 $19 {and Black stays clearly on top. ...a3 is the strong threat.} 46. Kh5 Ne5) 46. Kh5 $2 (46. Kg5 $17) 46... Rg1 47. h4 $2 (47. Kh6 $19 Rh1 48. g7) 47... Kc5 48. Kh6 Kb6 (48... Kb5 $19 49. Rxa3 Nxa3) 49. Ra8 Na5 50. Rb8+ Nb7 51. Ra8 {Threatens to win with g7.} Na5 52. Rb8+ Ka7 {Black mates.} 53. Rb4 a2 54. Ra4 a1=Q 55. Rxa1 Rxa1 56. g7 Rg1 57. Kh7 {[#]} Rh1 $1 {[%cal Rh1h4]} 58. h5 Rxh5+ 59. Kg6 Rh1 60. g8=Q Rg1+ {[%mdl 64] Skewer} 61. Kf7 Rxg8 62. Kxg8 e5 63. Kf7 Kb6 64. Ke6 Nc4 {Weighted Error Value: White=0.67/Black=0.20} 0-1

[Event "EOC-ch Playoff-A 2021"]
[Site "Online"]
[Date "2021.03.29"]
[Round "2.8"]
[White "Wieczorek, Oskar"]
[Black "Huzman, Alexander"]
[Result "1/2-1/2"]
[WhiteElo "2498"]
[BlackElo "2561"]
[Annotator "ChessBase"]
[PlyCount "105"]
[EventDate "2021.03.29"]
[EventType "team-tourn"]
[EventCountry "NET"]
[SourceTitle "playchess.com"]
[Source "ChessBase"]
[SourceQuality "1"]
[TimeControl "900+5"]

1. e4 {[%emt 0:00:00]} e6 {[%emt 0:00:08]} 2. d4 {[%emt 0:00:03]} d5 {[%emt 0:00:02]} 3. Nd2 {[%emt 0:00:01]} c5 {[%emt 0:00:02]} 4. exd5 {[%emt 0:00:03]} Qxd5 {[%emt 0:00:06]} 5. dxc5 {[%emt 0:00:02]} Qxc5 {[%emt 0:00:05]} 6. Ngf3 {[%emt 0:00:03]} Nf6 {[%emt 0:00:03]} 7. Bd3 {[%emt 0:00:11]} Nbd7 {[%emt 0:00:04]} 8. O-O {[%emt 0:00:33]} Qc7 {[%emt 0:00:03]} 9. Nb3 {[%emt 0:00:36]} Be7 {[%emt 0:00:07]} 10. Qe2 {[%emt 0:00:11]} O-O {[%emt 0:00:03]} 11. Bg5 {[%emt 0:00:06]} b6 {[%emt 0:00:26]} 12. Rfe1 {[%emt 0:00:28]} Bb7 {[%emt 0:00:21]} 13. Rad1 {[%emt 0:00:16]} a6 {[%emt 0:01:17]} 14. Bh4 {[%emt 0:01:30]} Bd6 {[%emt 0:01:09]} 15. Bg3 {[%emt 0:00:33]} Bxg3 {[%emt 0:00:08]} 16. hxg3 {[%emt 0:00:00]} Rfe8 {[%emt 0:00:31]} 17. Ne5 {[%emt 0:01:22]} Nxe5 {[%emt 0:00:42]} 18. Qxe5 {[%emt 0:00:00]} Qxe5 {[%emt 0:00:02]} 19. Rxe5 {[%emt 0:00:01]} Red8 {[%emt 0:00:05]} 20. Ree1 {[%emt 0:00:09]} Kf8 {[%emt 0:00:58]} 21. f3 {[%emt 0:00:28]} h5 {[%emt 0:00:25]} 22. c3 {[%emt 0:00:30]} Bd5 {[%emt 0:00:28]} 23. Nd4 {[%emt 0:00:59]} b5 {[%emt 0:00:35]} 24. a3 {[%emt 0:00:18]} Nd7 {[%emt 0:00:33]} 25. Kf2 {[%emt 0:00:46]} Nb6 {[%emt 0:00:09]} 26. Rd2 {[%emt 0:00:57]} Rac8 {[%emt 0:00:16]} 27. Red1 {[%emt 0:01:23]} Ke7 {[%emt 0:00:17]} 28. Re1 {[%emt 0:00:07]} g6 {[%emt 0:00:15]} 29. f4 {[%emt 0:00:31]} Kf6 {[%emt 0:00:22]} 30. Be2 {[%emt 0:00:25]} Bc4 {[%emt 0:01:46]} 31. Bf3 {[%emt 0:00:16]} Bd5 {[%emt 0:00:02]} 32. Be2 {[%emt 0:00:04]} Na4 {[%emt 0:00:43]} 33. Bd1 {[%emt 0:00:30]} Nc5 {[%emt 0:00:27]} 34. Bc2 {[%emt 0:00:01]} Nb7 {[%emt 0:00:40]} 35. Bd3 {[%emt 0:00:23]} Nd6 {[%emt 0:00:07]} 36. Ree2 {[%emt 0:00:15]} Bb7 {[%emt 0:00:07]} 37. Re1 {[%emt 0:00:12]} Rc5 {[%emt 0:00:09]} 38. Red1 {[%emt 0:00:16]} g5 {[%emt 0:00:20]} 39. Nf3 {[%emt 0:01:34]} gxf4 {[%emt 0:00:47]} 40. gxf4 {[%emt 0:00:00]} Bxf3 {[%emt 0:00:59]} 41. Kxf3 {[%emt 0:00:00]} Rd5 {[%emt 0:00:01]} 42. Be2 {[%emt 0:00:52]} Nc4 {[%emt 0:00:45]} 43. Rxd5 {[%emt 0:00:07]} Rxd5 {[%emt 0:00:03]} 44. Rxd5 {[%emt 0:00:58]} exd5 {[%emt 0:00:02]} 45. Bxc4 {[%emt 0:00:28]} bxc4 {[%emt 0:00:03]} 46. g4 {[%emt 0:00:08]} Kg6 {[%emt 0:00:17]} 47. Kg3 {[%emt 0:00:10]} hxg4 {[%emt 0:00:13]} 48. Kxg4 {[%emt 0:00:00]} f5+ {[%emt 0:00:02]} 49. Kh4 {[%emt 0:00:07]} Kh6 {[%emt 0:00:02]} 50. Kg3 {[%emt 0:00:01]} Kg6 {[%emt 0:00:02]} 51. Kh4 {[%emt 0:00:02]} Kh6 {[%emt 0:00:02]} 52. Kg3 {[%emt 0:00:01]} Kg6 {[%emt 0:00:02]} 53. Kh4 {[%emt 0:00:02]} 1/2-1/2

[Event "EOC-ch Playoff-A 2021"]
[Site "Online"]
[Date "2021.03.29"]
[Round "2.10"]
[White "Amin, Bassem"]
[Black "Kamsky, Gata"]
[Result "0-1"]
[WhiteElo "2695"]
[BlackElo "2665"]
[Annotator "RC"]
[PlyCount "150"]
[EventDate "2021.03.29"]
[EventType "team-tourn"]
[EventCountry "NET"]
[SourceTitle "playchess.com"]
[Source "ChessBase"]
[SourceQuality "1"]
[TimeControl "900+5"]

1. e4 {[%emt 0:00:00]} g6 {[%emt 0:00:03]} 2. d4 {[%emt 0:00:30]} Bg7 {[%emt 0:00:02]} 3. Nf3 {[%emt 0:00:37]} c6 {[%emt 0:00:10]} 4. h3 {[%emt 0:00:41]} d5 {[%emt 0:00:12]} 5. e5 {[%emt 0:00:10]} f6 {[%emt 0:01:06]} 6. exf6 {[%emt 0:00:45]} exf6 {[%emt 0:00:05]} 7. Bd3 {[%emt 0:00:02]} Ne7 {[%emt 0:00:17]} 8. O-O {[%emt 0:00:08]} O-O {[%emt 0:00:07]} 9. Re1 {[%emt 0:00:09]} Bf5 {[%emt 0:01:31]} 10. Bf4 {[%emt 0:00:46]} Rf7 {[%emt 0:00:25]} 11. Nc3 {[%emt 0:01:17]} Bxd3 {[%emt 0:00:54]} 12. Qxd3 {[%emt 0:00:00]} Nd7 {[%emt 0:00:22]} 13. Re2 {[%emt 0:00:32]} Nf8 {[%emt 0:00:32]} 14. Rae1 {[%emt 0:00:06]} Nf5 {[%emt 0:01:56]} 15. Na4 {[%emt 0:02:21]} b6 {[%emt 0:00:15]} 16. c4 {[%emt 0:00:44]} Bh6 {[%emt 0:03:25]} 17. Bxh6 {[%emt 0:00:18]} Nxh6 {[%emt 0:00:03]} 18. Nc3 {[%emt 0:00:33]} Qd7 {[%emt 0:00:53]} 19. cxd5 {[%emt 0:00:19]} cxd5 {[%emt 0:00:04]} 20. Qb5 {[%emt 0:00:46]} Qxb5 {[%emt 0:00:35]} 21. Nxb5 {[%emt 0:00:00]} Rd7 {[%emt 0:00:12]} 22. Re8 {[%emt 0:00:23]} Rxe8 {[%emt 0:00:12]} 23. Rxe8 {[%emt 0:00:00]} a6 {[%emt 0:00:27]} 24. Nc3 {[%emt 0:00:04]} b5 {[%emt 0:00:34]} 25. Rc8 {[%emt 0:00:11]} Rd6 {[%emt 0:00:17]} 26. Rc5 {[%emt 0:00:06]} Kf7 {[%emt 0:00:53]} 27. Rxd5 {[%emt 0:00:17]} Nf5 {[%emt 0:00:10]} 28. Rxd6 {[%emt 0:01:44]} Nxd6 {[%emt 0:00:03]} 29. Kf1 {[%emt 0:00:02]} Ne6 {[%emt 0:00:06]} 30. g3 {[%emt 0:00:06]} Nc7 {[%emt 0:00:16]} 31. Ke2 {[%emt 0:00:27]} a5 {[%emt 0:00:05]} 32. Kd3 {[%emt 0:00:08]} Ke6 {[%emt 0:00:04]} 33. d5+ {[%emt 0:00:18]} Kd7 {[%emt 0:00:10]} 34. Kd4 {[%emt 0:00:20]} Na6 {[%emt 0:00:18]} 35. Nd2 {[%emt 0:00:26]} Nf5+ {[%emt 0:00:05]} 36. Ke4 {[%emt 0:01:39]} Nc5+ {[%emt 0:00:05]} 37. Kf3 {[%emt 0:00:28]} Nd4+ {[%emt 0:00:08]} 38. Ke3 {[%emt 0:00:04]} Nf5+ {[%emt 0:00:02]} 39. Ke2 {[%emt 0:00:17]} Nd4+ {[%emt 0:00:02]} 40. Kf1 {[%emt 0:00:07]} f5 {[%emt 0:00:20]} 41. b3 {[%emt 0:00:13]} Kd6 {[%emt 0:00:33]} 42. a4 {[%emt 0:00:04]} Ndxb3 {[%emt 0:00:21]} 43. Nxb3 {[%emt 0:00:04]} Nxb3 {[%emt 0:00:01]} 44. axb5 {[%emt 0:00:01]} Kc5 {[%emt 0:00:02]} 45. Ke2 {[%emt 0:00:24]} Nd4+ {[%emt 0:00:02]} 46. Ke3 {[%emt 0:00:07]} Nxb5 {[%emt 0:00:02]} 47. Na4+ {[%emt 0:00:01]} Kxd5 {[%emt 0:00:03]} 48. Kf4 {[%emt 0:00:04]} Ke6 {[%emt 0:00:05]} 49. Kg5 {[%emt 0:00:02]} Kf7 {[%emt 0:00:02]} 50. Kh6 {[%emt 0:00:08]} Kg8 {[%emt 0:00:01]} 51. g4 {[%emt 0:00:02]} Nd6 {[%emt 0:00:04]} 52. Kg5 {[%emt 0:00:04]} Kg7 {[%emt 0:00:04]} 53. f3 {[%emt 0:00:06]} h6+ {[%emt 0:00:02]} 54. Kf4 {[%emt 0:00:01]} Kf6 {[%emt 0:00:01]} 55. Nb6 {[%emt 0:00:04]} g5+ {[%emt 0:00:05]} 56. Ke3 {[%emt 0:00:01]} Ke5 {[%emt 0:00:03]} 57. Nd7+ {[%emt 0:00:09]} Kd5 {[%emt 0:00:06]} 58. Nb6+ {[%emt 0:00:01]} Kc6 {[%emt 0:00:03]} 59. Na4 {[%emt 0:00:03]} Kb5 {[%emt 0:00:02]} 60. Nc3+ {[%emt 0:00:03]} Kc4 {[%emt 0:00:03]} 61. Na4 {[%emt 0:00:04]} f4+ {[%emt 0:00:01]} 62. Kd2 {[%emt 0:00:04]} Kd4 {[%emt 0:00:04]} 63. Ke2 {[%emt 0:00:05]} Nc4 {[%emt 0:00:02]} 64. Kf2 {[%emt 0:00:08]} Ne5 {[%emt 0:00:06]} 65. Ke2 {[%emt 0:00:11]} Nd3 {[%emt 0:00:03]} 66. Kd2 {[%emt 0:00:04]} Nc5 {[%emt 0:00:03]} 67. Nc3 {[%emt 0:00:10]} Kc4 {[%emt 0:00:06]} 68. Kc2 {[%emt 0:00:04]} Ne6 {[%emt 0:00:06]} 69. Ne4 {[%emt 0:00:10]} Nd4+ {[%emt 0:00:02]} 70. Kd1 {[%emt 0:00:04]} Nxf3 {[%emt 0:00:05]} 71. Nd6+ {[%emt 0:00:01]} Kd3 {[%emt 0:00:04]} 72. Nf7 {[%emt 0:00:02]} a4 {[%emt 0:00:01]} 73. Nxh6 {[%emt 0:00:05]} a3 {[%emt 0:00:03]} 74. Kc1 {[%emt 0:00:01]} Nd4 {[%emt 0:00:05]} 75. Nf7 {[%emt 0:00:07]} f3 {[%emt 0:00:04]} 0-1

[Event "EOC-ch Playoff-A 2021"]
[Site "Online"]
[Date "2021.03.29"]
[Round "2.11"]
[White "Timofeev, Artyom"]
[Black "Van Wely, Loek"]
[Result "1/2-1/2"]
[WhiteElo "2594"]
[BlackElo "2620"]
[Annotator "RC"]
[PlyCount "111"]
[EventDate "2021.03.29"]
[EventType "team-tourn"]
[EventCountry "NET"]
[SourceTitle "playchess.com"]
[Source "ChessBase"]
[SourceQuality "1"]
[TimeControl "900+5"]

1. d4 {[%emt 0:00:00]} Nf6 {[%emt 0:00:09]} 2. c4 {[%emt 0:00:04]} g6 {[%emt 0:00:02]} 3. Nc3 {[%emt 0:00:08]} d5 {[%emt 0:00:02]} 4. Bf4 {[%emt 0:00:05]} Bg7 {[%emt 0:00:02]} 5. e3 {[%emt 0:00:03]} O-O {[%emt 0:00:06]} 6. Rc1 {[%emt 0:00:04]} Be6 {[%emt 0:00:07]} 7. cxd5 {[%emt 0:01:19]} Nxd5 {[%emt 0:00:06]} 8. Nxd5 {[%emt 0:00:02]} Qxd5 {[%emt 0:00:03]} 9. b3 {[%emt 0:00:06]} c6 {[%emt 0:01:44]} 10. Nf3 {[%emt 0:00:11]} Nd7 {[%emt 0:01:21]} 11. Bc4 {[%emt 0:00:22]} Qf5 {[%emt 0:00:25]} 12. Bd3 {[%emt 0:00:35]} Qh5 {[%emt 0:02:09]} 13. Ng5 {[%emt 0:01:38]} Qxd1+ {[%emt 0:01:06]} 14. Kxd1 {[%emt 0:01:25]} Bf5 {[%emt 0:00:11]} 15. Bxf5 {[%emt 0:00:16]} gxf5 {[%emt 0:00:02]} 16. Nf3 {[%emt 0:00:02]} Nf6 {[%emt 0:00:09]} 17. Ke2 {[%emt 0:00:24]} Nd5 {[%emt 0:00:28]} 18. Bg3 {[%emt 0:01:18]} Rad8 {[%emt 0:00:22]} 19. Bh4 {[%emt 0:00:25]} Rd6 {[%emt 0:01:13]} 20. h3 {[%emt 0:00:22]} Re6 {[%emt 0:01:07]} 21. Ng5 {[%emt 0:00:07]} Rg6 {[%emt 0:00:08]} 22. Rhg1 {[%emt 0:00:17]} Re8 {[%emt 0:00:40]} 23. Nf3 {[%emt 0:00:47]} e5 {[%emt 0:00:17]} 24. dxe5 {[%emt 0:00:24]} Bxe5 {[%emt 0:00:02]} 25. Nxe5 {[%emt 0:00:04]} Rxe5 {[%emt 0:00:02]} 26. Kf3 {[%emt 0:00:03]} f6 {[%emt 0:00:59]} 27. Rc4 {[%emt 0:00:22]} Kf7 {[%emt 0:00:05]} 28. Bg3 {[%emt 0:00:34]} Re7 {[%emt 0:00:10]} 29. a4 {[%emt 0:00:04]} Ke6 {[%emt 0:00:21]} 30. Rd1 {[%emt 0:00:10]} a6 {[%emt 0:00:19]} 31. Rh4 {[%emt 0:00:20]} Kd7 {[%emt 0:00:09]} 32. b4 {[%emt 0:00:36]} b5 {[%emt 0:00:14]} 33. axb5 {[%emt 0:00:05]} axb5 {[%emt 0:00:00]} 34. Ra1 {[%emt 0:00:04]} Rgg7 {[%emt 0:00:11]} 35. Ra6 {[%emt 0:00:18]} Rgf7 {[%emt 0:00:18]} 36. Rd4 {[%emt 0:00:43]} Re6 {[%emt 0:00:06]} 37. Bh2 {[%emt 0:01:07]} Rfe7 {[%emt 0:00:24]} 38. g4 {[%emt 0:00:21]} Re4 {[%emt 0:00:06]} 39. Ra7+ {[%emt 0:00:14]} Ke8 {[%emt 0:00:11]} 40. Rxe7+ {[%emt 0:00:07]} Kxe7 {[%emt 0:00:02]} 41. Rxe4+ {[%emt 0:00:05]} fxe4+ {[%emt 0:00:02]} 42. Kxe4 {[%emt 0:00:02]} Nxb4 {[%emt 0:00:01]} 43. Kd4 {[%emt 0:00:02]} c5+ {[%emt 0:00:28]} 44. Kxc5 {[%emt 0:00:12]} Nd3+ {[%emt 0:00:02]} 45. Kxb5 {[%emt 0:00:05]} Nxf2 {[%emt 0:00:01]} 46. Kc4 {[%emt 0:00:10]} Nxh3 {[%emt 0:00:03]} 47. Bg3 {[%emt 0:00:02]} Kf7 {[%emt 0:00:27]} 48. Kd3 {[%emt 0:00:23]} Kg6 {[%emt 0:00:02]} 49. Bh4 {[%emt 0:00:03]} f5 {[%emt 0:00:27]} 50. gxf5+ {[%emt 0:00:03]} Kxf5 {[%emt 0:00:02]} 51. e4+ {[%emt 0:00:11]} Kg4 {[%emt 0:00:12]} 52. Be7 {[%emt 0:00:15]} Nf2+ {[%emt 0:00:10]} 53. Ke3 {[%emt 0:00:03]} Nxe4 {[%emt 0:00:01]} 54. Kxe4 {[%emt 0:00:02]} h5 {[%emt 0:00:02]} 55. Bd8 {[%emt 0:00:01]} h4 {[%emt 0:00:01]} 56. Bxh4 {[%emt 0:00:02]} 1/2-1/2